100 enigmas del mundo / (Record no. 67327)

MARC details
000 -LEADER
campo de control de longitud fija 00708nam a2200253 i 4500
001 - NÚMERO DE CONTROL
campo de control 67327
003 - IDENTIFICADOR DE NÚMERO DE CONTROL
campo de control ES-MaACL
005 - FECHA Y HORA DE LA ÚLTIMA TRANSACCIÓN
campo de control 20250803093547.0
007 - CAMPO FIJO DE DESCRIPCIÓN FÍSICA--INFORMACIÓN GENERAL
campo de control de longitud fija t|
008 - DATOS DE LONGITUD FIJA--INFORMACIÓN GENERAL
campo de control de longitud fija 040518s2003 sp a |||| | spa d
020 ## - NÚMERO INTERNACIONAL ESTÁNDAR DEL LIBRO
Número Internacional Estándar del Libro 84-95645-18-1
080 ## - NÚMERO DE LA CLASIFICACIÓN DECIMAL UNIVERSAL
Número de la Clasificación Decimal Universal 088
100 1# - ENTRADA PRINCIPAL--NOMBRE DE PERSONA
Nombre de persona Cardeñosa, Bruno.
9 (RLIN) 35156
245 10 - MENCIÓN DEL TÍTULO
Título 100 enigmas del mundo /
Mención de responsabilidad, etc. Bruno Cardeñosa.
246 33 - FORMA VARIANTE DEL TITULO
Título propio/Titulo breve Cien enigmas del mundo
250 ## - MENCION DE EDICION
Mención de edición 1ª ed.
260 ## - PUBLICACIÓN, DISTRIBUCIÓN, ETC.
Lugar de publicación, distribución, etc. Madrid :
Nombre del editor, distribuidor, etc. Corona Borealis,
Fecha de publicación, distribución, etc. 2003.
300 ## - DESCRIPCIÓN FÍSICA
Extensión 462 p. :
Otras características físicas il. ;
Dimensiones 21 cm.
490 1# - MENCIÓN DE SERIE
Mención de serie Descubrir la historia
650 17 - PUNTO DE ACCESO ADICIONAL DE MATERIA--TÉRMINO DE MATERIA
Término de materia o nombre geográfico como elemento de entrada Curiosidades y maravillas
Fuente del encabezamiento o término embne
9 (RLIN) 11529
830 0# - PUNTO DE ACCESO ADICIONAL DE SERIE-TÍTULO UNIFORME
Título uniforme Descubrir la historia
9 (RLIN) 193500
852 ## - LOCALIZACIÓN
Ubicación ES-MaACL
Número de control de estantería L-27509
Holdings
Estatus retirado Estado de pérdida Estado de daño No para préstamo Biblioteca de origen Biblioteca actual Ubicación en estantería Fecha de adquisición Fuente de adquisición Total de préstamos Signatura topográfica completa Código de barras Visto por última vez Precio de reemplazo Tipo de ítem Koha
        Biblioteca del Ateneo de Madrid Biblioteca del Ateneo de Madrid Depósito 2 17/01/2008     L-27509 1070505 23/02/2023 23/02/2023 Libro impreso